000 00714nam a2200289Ia 4500
005 20260324141418.0
008 008 260324s9999 xx 000 0 eng d
020 _a9780203044162
037 _aEBOOK
040 _aCRL
040 _beng
040 _cCRL
041 _2eng
041 _aeng
084 _qCRL
100 _aKeith Neilson; Greg Kennedy
_91174902
245 0 _aFar-flung Lines
245 0 _bStudies in Imperial Defence in Honour of Donald Mackenzie Schurman
260 _bTaylor and Francis
260 _c1997
365 _a
365 _b240
856 _uhttp://www.taylorfrancis.com/books/9780203044162
942 _cEBOOK
999 _c1811165
_d1811165